000 01591nam a2200517 i 4500
001 25244
003 KOSZ 005
005 20200422144747.0
008 970510s1994 pl a |000 0 pol
015 _aUWD 1995/342
020 _a8385625542
035 _a991000002999705066
035 _a(PL-WaBN)b10003022-48omnis_nlop
035 _ab10003022
035 _a(OCoLC)751532954
035 _a(PL)b0000001000302
035 _a(EXLNZ-48OMNIS_NETWORK)9910058881305606
040 _aWA N
_cWA N
_dKOSZ 005/AR
041 _apol
044 _apl
046 _k1994
080 _a004.42
080 _a004.92
080 _a(07)
080 _a(076)
100 1 _aWojtasik, Radosław
_eAutor
245 1 0 _aAutoCAD 12 :
_bćwiczenia praktyczne /
_cRadosław Wojtasik.
260 _aWarszawa :
_b"Mikom",
_c1994.
300 _a339 stron :
_bilustracje ;
_c24 cm.
336 _aTekst
_btxt
_2rdacontent
337 _aBez urządzenia pośredniczącego
_bn
_2rdamedia
338 _aWolumin
_bnc
_2rdacarrier
380 _aKsiążki
388 1 _a1901-2000
388 1 _a1989-2000
650 7 _aProgramy graficzne
_2DBN
650 7 _aProjektowanie wspomagane komputerowo
_2DBN
650 7 _aAutoCAD
_2DBN
655 7 _aPodręcznik
_2DBN
655 7 _aĆwiczenia i zadania
_2DBN
658 _aInformatyka i technologie informacyjne
710 2 _aWydawnictwo Mikom
_4pbl
856 _uhttp://koha.tu.koszalin.pl/cgi-bin/koha/opac-detail.pl?biblionumber=25244
_yKatalog online BPK
942 _2UKD
_cKS
999 _c25244
_d25244